000 00374nam a2200145Ia 4500
008 230312s9999||||xx |||||||||||||| ||und||
020 _a0-19-516847-X
082 _a791.4377
_bVER-I
100 _aVerderber;Kathleen.S
245 0 _aInter-Act
260 _bOxford
_aUSA
_c2004
300 _a443
650 _aMass com
_vMass Communication/English/Social Science
942 _cBK
999 _c11468
_d11468